| 000 | 00354nam a22001457a 4500 | ||
|---|---|---|---|
| 003 | MACL | ||
| 005 | 20200118162832.0 | ||
| 008 | 200118b xxu||||| |||| 00| 0 eng d | ||
| 040 | _cMACL | ||
| 100 |
_aSharma, Pankaj _977874 |
||
| 245 | _a2019 Will Modi Win ? | ||
| 260 |
_aDelhi _bKW Pub _c2018 |
||
| 650 |
_aPolitical Science _977875 |
||
| 942 |
_2ddc _cBK |
||
| 999 |
_c61837 _d61837 |
||